| 000 | 00669nam a2200193Ia 4500 | ||
|---|---|---|---|
| 003 | GCL | ||
| 008 | 140319s9999 xx 000 0 ara d | ||
| 020 | _a9336714977 | ||
| 040 |
_aGCL / _cGCL |
||
| 082 | 0 | 4 |
_a229.7 _bز ق |
| 100 | 1 | _aزغلول النجار | |
| 245 | 1 | 0 |
_aقضية الاعجاز العلمى للقران الكريم وضوابط التعامل معها / _cزغلول النجار |
| 250 | _aالاولى | ||
| 260 |
_aالقاهرة : _bنهضة مصر للطباعة والنشر والتوزيع ، _c2006 |
||
| 300 |
_a222 ص ؛ _c16 سم |
||
| 650 | 0 | 4 | _aالقران والعلم |
| 650 | 0 | 4 | _aالقران - اعجاز |
| 942 |
_2ddc _cBK |
||
| 999 |
_c8748 _d8748 |
||